[Event "Penang op 15th"]
[Site "Penang"]
[Date "2023.12.19"]
[Round "4"]
[White "Setiawan, David"]
[Black "Eggers, Paul S"]
[Result "1-0"]
[WhiteElo "1942"]
[BlackElo "1747"]
[PlyCount "113"]
[EventDate "2023.12.18"]
[EventType "swiss"]
[EventRounds "9"]
[EventCountry "MAS"]
[SourceTitle "CB52_2023"]
[SourceDate "2023.12.27"]
[SourceVersion "1"]
[SourceVersionDate "2023.12.27"]
[SourceQuality "1"]

1. Nf3 Nf6 2. d4 e6 3. b3 b6 4. Bb2 Ba6 5. g3 d5 6. Bg2 Be7 7. 0-0 c5 8. c4 Nbd7 9. cxd5 exd5 10. Nc3 Bb7 11. Ne5 0-0 12. Nxd7 Qxd7 13. dxc5 Bxc5 14. e3 b5 15. Ne2 Rfd8 16. Rc1 Be7 17. Qd3 Ne4 18. Rfd1 f5 19. Rc2 b4 20. Nf4 a5 21. Rdc1 Rac8 22. Rxc8 Bxc8 23. Qxd5+ Qxd5 24. Nxd5 Rxd5 25. Rxc8+ Kf7 26. Bd4 Bf6 27. Bxe4 fxe4 28. Rc5 Ke6 29. Rxd5 Kxd5 30. Bxf6 gxf6 31. g4 Ke5 32. Kg2 f5 33. gxf5 Kxf5 34. Kg3 Kg5 35. f3 exf3 36. Kxf3 Kf5 37. e4+ Ke5 38. Ke3 h6 39. h3 h5 40. h4 Ke6 41. Kf4 Kf6 42. e5+ Ke6 43. Ke4 Kf7 44. Kf5 Ke7 45. Kg5 Ke6 46. Kxh5 Kxe5 47. Kg6 Kd4 48. h5 Kc3 49. h6 Kb2 50. h7 Kxa2 51. h8Q Kxb3 52. Qa1 a4 53. Kf5 a3 54. Ke4 a2 55. Kd3 Ka3 56. Kc4 b3 57. Qc1+ 1-0